<?xml version="1.0" encoding="UTF-8"?>
<record
    xmlns:xsi="http://www.w3.org/2001/XMLSchema-instance"
    xsi:schemaLocation="http://www.loc.gov/MARC21/slim http://www.loc.gov/standards/marcxml/schema/MARC21slim.xsd"
    xmlns="http://www.loc.gov/MARC21/slim">

  <leader>01177nam2a22002531  4500</leader>
  <controlfield tag="001">RU\NLR\INFOCOMM10\1000139528</controlfield>
  <controlfield tag="005">20250617172459.0</controlfield>
  <datafield tag="035" ind1=" " ind2=" ">
    <subfield code="a">(NLR Aleph) 002848255</subfield>
  </datafield>
  <datafield tag="090" ind1=" " ind2=" ">
    <subfield code="a">2993421</subfield>
    <subfield code="c">2993421</subfield>
  </datafield>
  <datafield tag="100" ind1=" " ind2=" ">
    <subfield code="a">20040126d1932    |||y0rusy50      ca</subfield>
  </datafield>
  <datafield tag="101" ind1="0" ind2=" ">
    <subfield code="a">rus</subfield>
  </datafield>
  <datafield tag="102" ind1=" " ind2=" ">
    <subfield code="a">RU</subfield>
  </datafield>
  <datafield tag="105" ind1=" " ind2=" ">
    <subfield code="a">y   |||||||||</subfield>
  </datafield>
  <datafield tag="200" ind1="1" ind2=" ">
    <subfield code="a">&#x412;&#x43E;&#x434;&#x44B; &#x441;&#x435;&#x432;&#x435;&#x440;&#x43D;&#x43E;&#x433;&#x43E; &#x441;&#x43A;&#x43B;&#x43E;&#x43D;&#x430; &#x41A;&#x430;&#x437;&#x430;&#x43D;&#x434;&#x436;&#x438;&#x43A;&#x441;&#x43A;&#x43E;&#x433;&#x43E; &#x41A;&#x44E;&#x440;&#x435;&#x43D;&#x434;&#x430;&#x433;&#x430;</subfield>
    <subfield code="f">&#x421;&#x43C;&#x43E;&#x43B;&#x43A;&#x43E; &#x413;.&#x418;.</subfield>
  </datafield>
  <datafield tag="210" ind1=" " ind2=" ">
    <subfield code="d">1932</subfield>
    <subfield code="a">&#x411;. &#x43C;.</subfield>
  </datafield>
  <datafield tag="461" ind1=" " ind2="0">
    <subfield code="1">001RU\NLR\INFOCOMM10\1000139357</subfield>
    <subfield code="1">2001#$a&#x422;&#x440;&#x443;&#x434;&#x44B; &#x412;&#x441;&#x435;&#x441;&#x43E;&#x44E;&#x437;&#x43D;&#x43E;&#x433;&#x43E; &#x433;&#x435;&#x43E;&#x43B;&#x43E;&#x433;&#x43E;-&#x440;&#x430;&#x437;&#x432;&#x435;&#x434;&#x43E;&#x447;&#x43D;&#x43E;&#x433;&#x43E; &#x43E;&#x431;&#x44A;&#x435;&#x434;&#x438;&#x43D;&#x435;&#x43D;&#x438;&#x44F; &#x41D;&#x41A;&#x422;&#x41F; &#x421;&#x421;&#x421;&#x420;$v&#x412;&#x44B;&#x43F;.172</subfield>
    <subfield code="9">3998427</subfield>
    <subfield code="a">&#x412;&#x441;&#x435;&#x441;&#x43E;&#x44E;&#x437;&#x43D;&#x43E;&#x435; &#x433;&#x435;&#x43E;&#x43B;&#x43E;&#x433;&#x43E;-&#x440;&#x430;&#x437;&#x432;&#x435;&#x434;&#x43E;&#x447;&#x43D;&#x43E;&#x435; &#x43E;&#x431;&#x44A;&#x435;&#x434;&#x438;&#x43D;&#x435;&#x43D;&#x438;&#x435;</subfield>
    <subfield code="c">&#x41B;.</subfield>
    <subfield code="d">1930-1935</subfield>
    <subfield code="n">&#x41E;&#x41D;&#x422;&#x418;. &#x413;&#x43B;&#x430;&#x432;. &#x440;&#x435;&#x434;. &#x433;&#x435;&#x43E;&#x43B;&#x43E;&#x433;&#x43E;-&#x440;&#x430;&#x437;&#x432;&#x435;&#x434;. &#x438; &#x433;&#x435;&#x43E;&#x434;&#x435;&#x437;. &#x43B;&#x438;&#x442;.</subfield>
    <subfield code="t">&#x422;&#x440;&#x443;&#x434;&#x44B; &#x412;&#x441;&#x435;&#x441;&#x43E;&#x44E;&#x437;&#x43D;&#x43E;&#x433;&#x43E; &#x433;&#x435;&#x43E;&#x43B;&#x43E;&#x433;&#x43E;-&#x440;&#x430;&#x437;&#x432;&#x435;&#x434;&#x43E;&#x447;&#x43D;&#x43E;&#x433;&#x43E; &#x43E;&#x431;&#x44A;&#x435;&#x434;&#x438;&#x43D;&#x435;&#x43D;&#x438;&#x44F; &#x41D;&#x41A;&#x422;&#x41F; &#x421;&#x421;&#x421;&#x420;</subfield>
    <subfield code="v">&#x412;&#x44B;&#x43F;.172</subfield>
  </datafield>
  <datafield tag="700" ind1=" " ind2="1">
    <subfield code="a">&#x421;&#x43C;&#x43E;&#x43B;&#x43A;&#x43E;</subfield>
    <subfield code="b">&#x413;.&#x418;.</subfield>
    <subfield code="4">070</subfield>
  </datafield>
  <datafield tag="801" ind1=" " ind2="1">
    <subfield code="a">RU</subfield>
    <subfield code="b">InfoComm</subfield>
    <subfield code="c">20040126</subfield>
  </datafield>
  <datafield tag="801" ind1=" " ind2="0">
    <subfield code="a">RU</subfield>
    <subfield code="b">NLR</subfield>
    <subfield code="g">PSBO</subfield>
  </datafield>
  <datafield tag="852" ind1=" " ind2=" ">
    <subfield code="a">NLR</subfield>
    <subfield code="j">&#x41F;8/148</subfield>
  </datafield>
  <datafield tag="942" ind1=" " ind2=" ">
    <subfield code="c">ISSUE</subfield>
  </datafield>
  <datafield tag="980" ind1=" " ind2=" ">
    <subfield code="a">NB</subfield>
  </datafield>
  <datafield tag="980" ind1=" " ind2=" ">
    <subfield code="a">RUSPER</subfield>
  </datafield>
</record>
